Les 100 villes les plus connues d'Europe sur une Carte - Statistiques

Statistiques générales
  • Ce quiz a été pris 2 330 fois
  • Le résultat moyen est 72 sur 100
Réponses sur la Carte
Les réponses sont colorées sur une échelle allant du rouge au vert en fonction du pourcentage des utilisateurs qui les ont devinées à leur premier essai. Vous pouvez retrouver ces pourcentages ci-dessous.
 
Statistiques - réponses
Pourcentage Villes % Correct
71,2% Paris
100%
76,5% Londres
98%
68,5% Madrid
98%
48,1% Marseille
98%
68,1% Rome
98%
63,7% Barcelone
97%
62,5% Lisbonne
96%
69,7% Berlin
95%
37,7% Bordeaux
95%
47,4% Lyon
95%
68,1% Moscou
95%
30,6% Toulouse
94%
57,0% Bruxelles
93%
63,6% Dublin
93%
45,1% Nice
93%
62,8% Athènes
92%
61,8% Amsterdam
91%
57,2% Milan
91%
63,2% Oslo
90%
47,6% Porto
90%
59,0% Kiev
89%
48,3% Berne
88%
28,6% Lille
88%
55,6% Manchester
88%
49,9% Naples
87%
60,2% Vienne
87%
45,8% Monaco
86%
63,3% Varsovie
86%
51,9% Venise
86%
56,1% Budapest
85%
58,8% Munich
85%
51,9% Bucarest
84%
39,0% Genève
84%
58,2% Helsinki
84%
60,7% Stockholm
84%
40,9% Séville
83%
39,7% Turin
83%
57,9% Copenhague
82%
48,6% Liverpool
82%
59,6% Saint-Pétersbourg
82%
45,6% Luxembourg
81%
62,0% Zagreb
81%
57,6% Prague
80%
49,5% Édimbourg
79%
37,1% Vatican
79%
50,6% Istanbul
78%
41,9% Rotterdam
78%
45,4% Zurich
78%
49,6% Sofia
77%
33,3% Strasbourg
77%
40,4% Valence
77%
39,0% Florence
74%
49,2% Reykjavik
74%
47,8% Francfort
73%
52,5% Hambourg
73%
47,5% Riga
73%
49,7% Minsk
72%
39,3% Andorre-la-Vieille
71%
31,7% Bilbao
71%
47,9% Glasgow
70%
45,0% Tallinn
70%
41,6% Vilnius
69%
45,7% Belgrade
68%
35,1% Palerme
68%
41,5% Sarajevo
68%
43,9% Cracovie
66%
37,2% Tirana
66%
41,3% Belfast
64%
39,3% Birmingham
64%
33,4% Ljubljana
64%
30,2% Anvers
63%
41,0% Bratislava
63%
35,3% Cardiff
62%
43,9% Cologne
61%
32,1% Gênes
60%
29,7% Chișinău
54%
33,6% Skopje
54%
31,8% Stuttgart
54%
34,3% Dortmund
53%
35,3% La Haye
53%
34,3% Malmö
52%
32,4% Saint-Marin
50%
29,4% Leeds
49%
32,0% Salzbourg
49%
31,8% Leipzig
47%
27,8% Odessa
46%
29,7% Cork
45%
32,2% Düsseldorf
45%
30,0% Thessalonique
45%
36,6% Gdańsk
42%
29,6% Kaliningrad
42%
31,2% Brême
41%
28,5% Oxford
41%
29,0% Nuremberg
40%
32,6% Dresde
39%
28,5% Göteborg
39%
29,1% Hanovre
37%
27,9% Bergen
35%
32,1% Volgograd
29%
29,4% York
22%
Aucun quiz correspondant
Distribution des résultats
% des personnes avec chaque résultat
Percentile par nombre de réponses
Votre historique - résultats
Vous n’avez pas pris ce quiz